La creación del Banco Interamericano de Desarrollo

Shranjeno v:
Bibliografske podrobnosti
Glavni avtor: Maschke, Arturo (autor)
Format: Knjiga
Jezik:španščina
Izdano: Ciudad de México Centro de Estudios Monetarios Latinoamericanos 1966
Serija:Estudios
Teme:
Oznake: Označite
Brez oznak, prvi označite!

MARC

LEADER 00000nam a2200000 a 4500
001 UCT8030
003 CL-VaPUC
008 970317e19660000MX |||||||||||||||||spa|d
082 0 4 |a 332.153  |b MAS  |2 21 
100 |a Maschke, Arturo  |e autor  |9 379472 
245 1 3 |a La creación del Banco Interamericano de Desarrollo 
300 |a 290 p 
942 |c BK 
945 |d 19970317 00:00:00  |a paguirre 
260 |a Ciudad de México  |b Centro de Estudios Monetarios Latinoamericanos  |c 1966 
600 0 7 |a BANCO INTERAMERICANO DE DESARROLLO  |2 CL-VaPUC  |9 267925 
650 0 |a Bancos  |9 254963 
650 7 |a INSTITUCIONES FINANCIERAS  |2 CL-VaPUC  |9 257940 
650 7 |a FINANCIACION  |2 CL-VaPUC  |9 351156 
650 7 |a COMERCIO INTERNACIONAL  |2 CL-VaPUC  |9 379473 
583 |a last modification  |c 19970317 00:00:00  |k Rodrigo Vera 
490 0 |a Estudios 
999 |c 256566  |d 256564 
952 |0 0  |1 0  |4 0  |6 332_153000000000000_MAS_1966  |7 0  |8 P  |9 279359  |a BIBDER  |b BIBDER  |d 2019-11-19  |i 1811983  |o 332.153 MAS 1966  |p 1811983  |r 2023-01-25  |w 2019-11-19  |y BK  |k DER